Návrh bioreaktora na produkciu jednobunkových proteínov

Enregistré dans:
Détails bibliographiques
Auteur principal: Biznárová, Janka (Auteur)
Autres auteurs: Ačai, Pavel (Directeur de thèse)
Format: Manuscrit Livre
Langue:slovaque
Publié: 2017
Sujets:
Accès en ligne:http://is.stuba.sk/zp/portal_zp.pl?podrobnosti=119402
Tags: Ajouter un tag
Pas de tags, Soyez le premier à ajouter un tag!

MARC

LEADER 00000ntm a22000003a 4500
001 stuzp64808
003 SK-STU
005 20170715210907.7
007 ta
008 150427s2015----xo-----f-mn---000-0-slo-d
040 |a STU  |b slo 
041 0 |a slo 
100 1 |a Biznárová, Janka  |u 046000  |4 aut  |U FCHPT Fakulta chemickej a potravinárskej technológie  |T FCHPT Ústav chemického a environmentálneho inžinierstva  |X 76775  |U C6000  |Y 104  |7 76775 
242 0 1 |a Bioreactor design for single-cell protein production  |y eng 
245 1 0 |a Návrh bioreaktora na produkciu jednobunkových proteínov 
260 |c 2017 
650 4 |a jednobunkové proteíny  |2 slo 
650 4 |a prietokový bioreaktor  |2 slo 
650 4 |a kontinuálna produkcia  |2 slo 
650 4 |a matematický model  |2 slo 
650 4 |a single-cell protein  |2 eng 
650 4 |a continuous bioreactor  |2 eng 
650 4 |a continuous production  |2 eng 
650 4 |a mathematical model  |2 eng 
700 1 |a Ačai, Pavel  |u 046230  |k Z1  |4 ths  |U FCHPT Ústav chemického a environmentálneho inžinierstva  |T FCHPT Oddelenie chemického a biochemického inžinierstva  |X 4436  |U C6230  |Y 119  |7 A000004436 
856 4 |u http://is.stuba.sk/zp/portal_zp.pl?podrobnosti=119402